000 00493nam a2200169 i 4500
001 bg
100 1 _aBODZOŃ, Leszek
245 0 _aPodstawy teorii maszyn odlewniczych :
_bmaszyny do przygotowywania materiałów i mas formierskich /
_cL. Bodzoń, J. Dańko, L. Żurawski.
260 _aKraków,
_c1984.
700 1 _aDAŃKO, Józef
700 1 _aŻURAWSKI, Leszek
040 _cBPK
041 _apol
080 _a621.74(075.8)
942 _cKS
008 s pl f |000 0 pol
999 _c1195
_d1195
856 _uhttp://koha.tu.koszalin.pl/cgi-bin/koha/opac-detail.pl?biblionumber=1195
_yKatalog online BPK